Obálka Náhled e-knihy:
PDF Epub
Pro půjčování e-knih musíte být přihlášeni.
Jak si půjčit online?

Soukromé problémy. Denis /

Román z úspěšné série o čtveřici sourozenců přináší tentokráte příběh Denise, který své okolí překvapí nečekaným rozhodnutím.

Uloženo v:
Série:Soukromé problémy, část 3
Hlavní autor: Repová, Hana (Autor)
Další autoři: Tomášová, Zdena (Autor)
Médium: E-kniha
Jazyk:Czech
Vydáno: Praha : Dobrovský s.r.o., 2024
Edice:Red
Témata:
Příbuzné jednotky:Z cyklu:: Soukromé problémy
Tagy:
Žádné tagy
LEADER 02285nam a2200469 i 4500
001 312279
003 CZ PrSKC
005 20260601215720.0
007 ta
008 240126s2024 xr g 000 f cze
015 |a cnb003586083 
020 |a 9788027723041  |q (vázáno) 
035 |a (OCoLC)1429251401 
040 |a ABG001  |b cze  |e rda 
041 1 |a cze  |h slo 
072 7 |a 821.162.4  |x Slovenská literatura  |2 Konspekt 
080 |a 821.162.4-31  |2 MRF 
080 |a (0:82-31)-055.2  |2 MRF 
100 1 |a Repová, Hana  |7 xx0233553  |4 aut 
240 1 0 |a Denis.  |l Česky 
245 1 0 |a Soukromé problémy.  |p Denis /  |c Hana Repová ; přeložila Zdena Tomášová 
246 3 0 |a Denis 
264 1 |a Praha :  |b Dobrovský s.r.o.,  |c 2024 
300 |a 187 stran ;  |c 21 cm 
336 |a text  |b txt  |2 rdacontent 
337 |a bez média  |b n  |2 rdamedia 
338 |a svazek  |b nc  |2 rdacarrier 
490 1 |a Red 
500 |a Přeloženo ze slovenštiny 
520 2 |a Román z úspěšné série o čtveřici sourozenců přináší tentokráte příběh Denise, který své okolí překvapí nečekaným rozhodnutím.  |b Denisovy sourozence by asi nic nepřekvapilo víc než jeho náhlé prohlášení, že se musí ženit. Nikdo z nich totiž neměl ani ponětí, že se vůbec s někým vídal. Přestože jsou Sebastian, Tina i Lilly proti, rozhodne se Denis vsadit všechno na jedinou kartu. Je totiž neochvějně přesvědčedčený, že jeho plán musí vyjít. Nakladatelská anotace. Kráceno. 
655 7 |a slovenské romány  |7 fd133450  |2 czenas 
655 7 |a romány pro ženy  |7 fd187897  |2 czenas 
655 9 |a Slovak fiction  |2 eczenas 
655 9 |a women's novels  |2 eczenas 
700 1 |a Tomášová, Zdena  |4 trl 
787 0 8 |i Z cyklu:  |t Soukromé problémy  |g 3 
830 0 |a Red 
900 |a ABA001  |b 20 
044 |a xr 
910 |a RBIT002 
998 |d 396125  |a https://core.palmknihy.cz/api/books/396125/cover?s84w25  |b https://core.palmknihy.cz/api/books/396125/cover/400?s84w25  |c https://core.palmknihy.cz/api/books/396125/cover/50?s84w25  |e 2029-02-14  |g 256  |i 9788027723041  |j https://core.palmknihy.cz/api/books/396125/preview.epub  |k https://core.palmknihy.cz/api/books/396125/preview.pdf  |l   |q 49  |r 1  |s https://www.palmknihy.cz/kniha/396125  |t ebook  |y 2024  |z 0  |v Soukromé problémy  |w 3 
999 |d 312277